| 000 | 00000nam##2200000za#4500 |
| 001 | 9.697315 |
| 003 | CaOODSP |
| 005 | 20210624235427 |
| 007 | cr ||||||||||| |
| 008 | 150407|1997||||xxc|||||o f|0| 0 eng|d |
| 040 | |aCaOODSP|beng |
| 043 | |an-cn--- |
| 086 | 1 |aCS94-F0037/1997E-PDF |
| 110 | 2 |aCanada Mortgage and Housing Corporation. |
| 245 | 10|aLone parents, young couples and immigrant families and their housing conditions - a 1991 Census profile / |h[electronic resource]|cBy : John Engeland, Janet Che-Alford, Oliver Lo and Jane Badets. |
| 260 | |aOttawa - Ontario : |bCanada Mortgage and Housing Corporation |c1997. |
| 500 | |aThis report is a joint publication of Canada Mortgage and Housing Corporation and Statistics Canada. Historical census publication digitized by Statistics Canada. |
| 590 | |a13-04-Supp|b2013-02-13 |
| 690 | 07|aCensus data|2gcpds |
| 690 | 07|aCouples|2gcpds |
| 690 | 07|aFamily|2gcpds |
| 690 | 07|aImmigrants|2gcpds |
| 690 | 07|aSingle parent families|2gcpds |
| 775 | 08|tLes conditions de logement des parents seuls, des jeunes couples et des familles immigrantes - un profil tiré du Recensement de 1991 / |w(CaOODSP)9.641373 |
| 856 | 40|ahttp://publications.gc.ca|qPDF|s2.3 MB|uhttps://publications.gc.ca/collections/collection_2013/statcan/rh-hc/CS94-F0037-1997-eng.pdf |